[Event "Deutscher Jugend Online Cup 2020"]
[Site "Tornelo"]
[Date "2020.11.14"]
[Round "6.5"]
[White "Sickmann, Lisa"]
[Black "B___, L___"]
[Result "1-0"]
[WhiteElo "1510"]
[BlackElo "1348"]
[Annotator "NA RC"]
[PlyCount "63"]
[EventDate "2020.11.13"]
[EventType "k.o."]
[SourceTitle "playchess.com"]
[Source "ChessBase"]
[SourceQuality "1"]
[TimeControl "600+3"]

1. e4 {[%emt 0:00:00]} c5 {[%emt 0:00:04]} 2. Nf3 {[%emt 0:00:03]} g6 {[%emt 0:00:03]} 3. d4 {[%emt 0:00:06]} cxd4 {[%emt 0:00:02]} 4. Nxd4 {[%emt 0:00:02]} Nc6 {[%emt 0:00:01]} 5. Be3 {[%emt 0:00:06]} Nf6 {[%emt 0:00:24]} 6. Nc3 {[%emt 0:00:04]} d6 {[%emt 0:00:03]} 7. f3 {[%emt 0:00:02]} Bg7 {[%emt 0:00:06]} 8. Qd2 {[%emt 0:00:02]} O-O {[%emt 0:00:09]} 9. g4 {[%emt 0:00:05]} Be6 {[%emt 0:00:29]} 10. Nxe6 {[%emt 0:00:16]} fxe6 {[%emt 0:00:03]} 11. O-O-O {[%emt 0:00:08]} Qa5 {[%emt 0:00:05]} 12. Bc4 {[%emt 0:00:17]} Kf7 {[%emt 0:01:43]} 13. g5 {[%emt 0:00:42]} Nh5 {[%emt 0:00:30]} 14. f4 {[%emt 0:00:21]} a6 {[%emt 0:00:23]} 15. f5 {[%emt 0:00:15]} Ne5 {[%emt 0:00:57]} 16. Bxe6+ {[%emt 0:00:19]} Ke8 {[%emt 0:00:08]} 17. Nd5 {[%emt 0:00:31]} Qxd2+ {[%emt 0:00:44]} 18. Rxd2 {[%emt 0:00:13]} Rb8 {[%emt 0:00:34]} 19. Ba7 {[%emt 0:00:25]} Ra8 {[%emt 0:00:41]} 20. Nc7+ {[%emt 0:00:03]} Kd8 {[%emt 0:00:03]} 21. Nxa8 {[%emt 0:00:04]} Nd7 {[%emt 0:00:29]} 22. Bb6+ {[%emt 0:00:22]} Nxb6 {[%emt 0:00:06]} 23. Nxb6 {[%emt 0:00:04]} Kc7 {[%emt 0:00:08]} 24. Nd5+ {[%emt 0:00:03]} Kd8 {[%emt 0:00:18]} 25. f6 {[%emt 0:00:38]} exf6 {[%emt 0:00:06]} 26. Nxf6 {[%emt 0:00:03]} Nxf6 {[%emt 0:00:03]} 27. gxf6 {[%emt 0:00:02]} Rxf6 {[%emt 0:00:06]} 28. Rxd6+ {[%emt 0:00:20]} Ke7 {[%emt 0:00:17]} 29. Rd7+ {[%emt 0:00:22]} Kxe6 {[%emt 0:00:03]} 30. Rxg7 {[%emt 0:00:04]} Rf7 {[%emt 0:00:06]} 31. Rxf7 {[%emt 0:00:02]} Kxf7 {[%emt 0:00:02]} 32. Re1 {[%emt 0:00:01]} 1-0

[Event "Deutscher Jugend Online Cup 2020"]
[Site "Tornelo"]
[Date "2020.11.14"]
[Round "6.6"]
[White "Buchinger, Alexis"]
[Black "Marcziter, Alex"]
[Result "0-1"]
[WhiteElo "1496"]
[BlackElo "1401"]
[Annotator "NA RC"]
[PlyCount "108"]
[EventDate "2020.11.13"]
[EventType "k.o."]
[SourceTitle "playchess.com"]
[Source "ChessBase"]
[SourceQuality "1"]
[TimeControl "600+3"]

1. e4 {[%emt 0:00:00]} e5 {[%emt 0:00:53]} 2. Nf3 {[%emt 0:00:04]} Nc6 {[%emt 0:00:10]} 3. Bc4 {[%emt 0:00:07]} Nf6 {[%emt 0:00:08]} 4. d3 {[%emt 0:00:02]} Bc5 {[%emt 0:00:06]} 5. c3 {[%emt 0:00:04]} d6 {[%emt 0:00:08]} 6. O-O {[%emt 0:00:03]} h6 {[%emt 0:00:10]} 7. Re1 {[%emt 0:00:10]} O-O {[%emt 0:00:07]} 8. Nbd2 {[%emt 0:00:02]} Be6 {[%emt 0:00:12]} 9. a4 {[%emt 0:00:11]} Bxc4 {[%emt 0:00:06]} 10. Nxc4 {[%emt 0:00:04]} a6 {[%emt 0:00:09]} 11. b4 {[%emt 0:00:03]} Ba7 {[%emt 0:00:08]} 12. Be3 {[%emt 0:00:02]} Ne7 {[%emt 0:00:21]} 13. Bxa7 {[%emt 0:00:08]} Rxa7 {[%emt 0:00:07]} 14. d4 {[%emt 0:00:02]} exd4 {[%emt 0:00:11]} 15. cxd4 {[%emt 0:00:02]} Ng6 {[%emt 0:00:11]} 16. e5 {[%emt 0:00:05]} dxe5 {[%emt 0:00:08]} 17. Nfxe5 {[%emt 0:00:05]} Nf4 {[%emt 0:00:19]} 18. Qf3 {[%emt 0:00:31]} N6d5 {[%emt 0:00:13]} 19. Ne3 {[%emt 0:00:17]} Nxe3 {[%emt 0:00:17]} 20. fxe3 {[%emt 0:00:09]} Nd5 {[%emt 0:00:08]} 21. Rf1 {[%emt 0:00:04]} Nxb4 {[%emt 0:00:22]} 22. Nxf7 {[%emt 0:00:07]} Qe7 {[%emt 0:00:08]} 23. Qh5 {[%emt 0:00:35]} Rxf7 {[%emt 0:00:12]} 24. Rxf7 {[%emt 0:00:13]} Qxf7 {[%emt 0:00:07]} 25. Qc5 {[%emt 0:00:03]} Nc6 {[%emt 0:00:35]} 26. d5 {[%emt 0:00:02]} Qe7 {[%emt 0:00:12]} 27. Rc1 {[%emt 0:00:22]} Qxc5 {[%emt 0:00:08]} 28. Rxc5 {[%emt 0:00:03]} Ne7 {[%emt 0:00:08]} 29. e4 {[%emt 0:00:05]} b6 {[%emt 0:00:09]} 30. Rc1 {[%emt 0:00:09]} b5 {[%emt 0:00:10]} 31. axb5 {[%emt 0:00:06]} axb5 {[%emt 0:00:08]} 32. Rd1 {[%emt 0:00:05]} Kf7 {[%emt 0:00:14]} 33. e5 {[%emt 0:00:04]} b4 {[%emt 0:00:21]} 34. d6 {[%emt 0:00:03]} cxd6 {[%emt 0:00:10]} 35. exd6 {[%emt 0:00:02]} Rd7 {[%emt 0:00:13]} 36. Rf1+ {[%emt 0:00:08]} Ke6 {[%emt 0:00:19]} 37. dxe7 {[%emt 0:00:05]} Kxe7 {[%emt 0:00:07]} 38. Rb1 {[%emt 0:00:04]} Rb7 {[%emt 0:00:11]} 39. Kf2 {[%emt 0:00:01]} Kd6 {[%emt 0:00:16]} 40. Ke3 {[%emt 0:00:03]} Kc5 {[%emt 0:00:12]} 41. Rc1+ {[%emt 0:00:09]} Kb5 {[%emt 0:00:08]} 42. Kd3 {[%emt 0:00:18]} Ka4 {[%emt 0:00:21]} 43. Rb1 {[%emt 0:00:22]} Ka3 {[%emt 0:00:10]} 44. h4 {[%emt 0:00:11]} Ka2 {[%emt 0:00:13]} 45. Re1 {[%emt 0:00:12]} b3 {[%emt 0:00:08]} 46. Re6 {[%emt 0:00:20]} b2 {[%emt 0:00:08]} 47. Ra6+ {[%emt 0:00:03]} Kb3 {[%emt 0:00:07]} 48. Rg6 {[%emt 0:00:10]} b1=Q+ {[%emt 0:00:09]} 49. Ke3 {[%emt 0:00:01]} Qxg6 {[%emt 0:00:18]} 50. Kf2 {[%emt 0:00:02]} Re7 {[%emt 0:00:15]} 51. g3 {[%emt 0:00:03]} Qf5+ {[%emt 0:00:08]} 52. Kg1 {[%emt 0:00:10]} Re1+ {[%emt 0:00:09]} 53. Kg2 {[%emt 0:00:10]} Qf1+ {[%emt 0:00:09]} 54. Kh2 {[%emt 0:00:04]} Qh1# {[%emt 0:00:12]} 0-1

[Event "Deutscher Jugend Online Cup 2020"]
[Site "Tornelo"]
[Date "2020.11.14"]
[Round "6.6"]
[White "Wartenberg, Alissa"]
[Black "Haug, Mara"]
[Result "1-0"]
[WhiteElo "1463"]
[BlackElo "1356"]
[Annotator "NA RC"]
[PlyCount "127"]
[EventDate "2020.11.13"]
[EventType "k.o."]
[SourceTitle "playchess.com"]
[Source "ChessBase"]
[SourceQuality "1"]
[TimeControl "600+3"]

1. e4 {[%emt 0:00:00]} c5 {[%emt 0:00:02]} 2. Nf3 {[%emt 0:00:05]} Nc6 {[%emt 0:00:04]} 3. d4 {[%emt 0:00:02]} cxd4 {[%emt 0:00:01]} 4. Nxd4 {[%emt 0:00:07]} g6 {[%emt 0:00:02]} 5. c4 {[%emt 0:00:02]} Bg7 {[%emt 0:00:02]} 6. Be3 {[%emt 0:00:10]} Nf6 {[%emt 0:00:03]} 7. Nc3 {[%emt 0:00:03]} Ng4 {[%emt 0:00:46]} 8. Qxg4 {[%emt 0:00:04]} Nxd4 {[%emt 0:00:03]} 9. Qd1 {[%emt 0:00:04]} Nc6 {[%emt 0:00:04]} 10. Rc1 {[%emt 0:00:27]} d6 {[%emt 0:00:02]} 11. Be2 {[%emt 0:00:17]} Be6 {[%emt 0:00:05]} 12. Qd2 {[%emt 0:00:37]} Ne5 {[%emt 0:00:28]} 13. b3 {[%emt 0:00:24]} Ng4 {[%emt 0:00:11]} 14. Bxg4 {[%emt 0:00:26]} Bxg4 {[%emt 0:00:03]} 15. f3 {[%emt 0:00:03]} Bd7 {[%emt 0:00:11]} 16. Bd4 {[%emt 0:00:32]} f6 {[%emt 0:00:14]} 17. Be3 {[%emt 0:00:21]} h5 {[%emt 0:00:18]} 18. Ne2 {[%emt 0:00:41]} Qc7 {[%emt 0:00:13]} 19. Nf4 {[%emt 0:00:15]} g5 {[%emt 0:00:25]} 20. Nd5 {[%emt 0:00:16]} Qc6 {[%emt 0:00:17]} 21. Qd3 {[%emt 0:01:06]} b6 {[%emt 0:00:32]} 22. Bd4 {[%emt 0:00:25]} Rc8 {[%emt 0:00:29]} 23. Bb2 {[%emt 0:00:28]} Be6 {[%emt 0:00:19]} 24. Ne3 {[%emt 0:00:47]} Qc5 {[%emt 0:00:24]} 25. Bd4 {[%emt 0:00:52]} Qa5+ {[%emt 0:00:42]} 26. Qd2 {[%emt 0:00:15]} Qa6 {[%emt 0:00:09]} 27. O-O {[%emt 0:00:16]} Bh6 {[%emt 0:00:26]} 28. Nf5 {[%emt 0:00:26]} Bxf5 {[%emt 0:00:12]} 29. exf5 {[%emt 0:00:05]} g4 {[%emt 0:00:10]} 30. f4 {[%emt 0:00:04]} h4 {[%emt 0:00:28]} 31. Rfe1 {[%emt 0:00:15]} Qb7 {[%emt 0:00:41]} 32. Bxf6 {[%emt 0:00:34]} Rh7 {[%emt 0:00:20]} 33. Bxe7 {[%emt 0:00:59]} Rxe7 {[%emt 0:00:10]} 34. Rxe7+ {[%emt 0:00:03]} Kxe7 {[%emt 0:00:02]} 35. Re1+ {[%emt 0:00:02]} Kd8 {[%emt 0:00:08]} 36. Qxd6+ {[%emt 0:00:02]} Qd7 {[%emt 0:00:04]} 37. Qxh6 {[%emt 0:00:02]} Qxf5 {[%emt 0:00:13]} 38. Qxh4+ {[%emt 0:00:03]} Kc7 {[%emt 0:00:08]} 39. Qe7+ {[%emt 0:00:02]} Kb8 {[%emt 0:00:09]} 40. Qe5+ {[%emt 0:00:02]} Qxe5 {[%emt 0:00:03]} 41. fxe5 {[%emt 0:00:01]} Re8 {[%emt 0:00:02]} 42. Kf2 {[%emt 0:00:02]} Kc7 {[%emt 0:00:02]} 43. Kg3 {[%emt 0:00:01]} Kd7 {[%emt 0:00:02]} 44. Kxg4 {[%emt 0:00:02]} Ke6 {[%emt 0:00:01]} 45. Kh3 {[%emt 0:00:03]} Kf5 {[%emt 0:00:03]} 46. g4+ {[%emt 0:00:02]} Kf4 {[%emt 0:00:03]} 47. Kg2 {[%emt 0:00:01]} Rg8 {[%emt 0:00:03]} 48. h3 {[%emt 0:00:04]} Re8 {[%emt 0:00:04]} 49. e6 {[%emt 0:00:01]} Kg5 {[%emt 0:00:02]} 50. e7 {[%emt 0:00:02]} Kf6 {[%emt 0:00:02]} 51. Kg3 {[%emt 0:00:01]} a6 {[%emt 0:00:07]} 52. h4 {[%emt 0:00:03]} a5 {[%emt 0:00:10]} 53. g5+ {[%emt 0:00:02]} Kg6 {[%emt 0:00:03]} 54. Kg4 {[%emt 0:00:02]} Kg7 {[%emt 0:00:09]} 55. h5 {[%emt 0:00:02]} Rb8 {[%emt 0:00:14]} 56. e8=Q {[%emt 0:00:05]} Rxe8 {[%emt 0:00:05]} 57. Rxe8 {[%emt 0:00:02]} Kf7 {[%emt 0:00:02]} 58. Rb8 {[%emt 0:00:03]} Ke7 {[%emt 0:00:01]} 59. g6 {[%emt 0:00:02]} Kd6 {[%emt 0:00:02]} 60. g7 {[%emt 0:00:01]} Kc7 {[%emt 0:00:00]} 61. g8=Q {[%emt 0:00:03]} b5 {[%emt 0:00:01]} 62. Qd8+ {[%emt 0:00:03]} Kc6 {[%emt 0:00:03]} 63. Rb6+ {[%emt 0:00:03]} Kc5 {[%emt 0:00:01]} 64. Qd6# {[%emt 0:00:03]} 1-0

[Event "Deutscher Jugend Online Cup 2020"]
[Site "Tornelo"]
[Date "2020.11.14"]
[Round "6.7"]
[White "Besou, Hussain"]
[Black "Goldmann, David"]
[Result "0-1"]
[WhiteElo "1804"]
[BlackElo "1644"]
[Annotator "NA RC"]
[PlyCount "88"]
[EventDate "2020.11.13"]
[EventType "k.o."]
[SourceTitle "playchess.com"]
[Source "ChessBase"]
[SourceQuality "1"]
[TimeControl "600+3"]

1. d4 {[%emt 0:00:00]} Nf6 {[%emt 0:00:04]} 2. c4 {[%emt 0:00:03]} d5 {[%emt 0:00:02]} 3. cxd5 {[%emt 0:00:02]} Qxd5 {[%emt 0:00:02]} 4. Nc3 {[%emt 0:00:03]} Qd8 {[%emt 0:00:02]} 5. e4 {[%emt 0:00:03]} e6 {[%emt 0:00:02]} 6. Be3 {[%emt 0:00:03]} Bb4 {[%emt 0:00:03]} 7. Qc2 {[%emt 0:00:06]} O-O {[%emt 0:00:05]} 8. a3 {[%emt 0:00:02]} Bxc3+ {[%emt 0:00:04]} 9. bxc3 {[%emt 0:00:02]} b6 {[%emt 0:00:02]} 10. Nf3 {[%emt 0:00:05]} Bb7 {[%emt 0:00:02]} 11. Nd2 {[%emt 0:00:02]} Qe7 {[%emt 0:00:06]} 12. Be2 {[%emt 0:00:03]} Nbd7 {[%emt 0:00:03]} 13. O-O {[%emt 0:00:03]} Rfc8 {[%emt 0:00:03]} 14. c4 {[%emt 0:00:18]} c5 {[%emt 0:00:09]} 15. d5 {[%emt 0:00:03]} exd5 {[%emt 0:00:02]} 16. exd5 {[%emt 0:00:05]} Qd6 {[%emt 0:00:05]} 17. Qf5 {[%emt 0:00:11]} g6 {[%emt 0:00:08]} 18. Qc2 {[%emt 0:00:05]} Re8 {[%emt 0:00:03]} 19. a4 {[%emt 0:00:05]} a5 {[%emt 0:00:16]} 20. Rfb1 {[%emt 0:00:08]} h5 {[%emt 0:00:16]} 21. h3 {[%emt 0:00:04]} Rab8 {[%emt 0:00:16]} 22. Rb2 {[%emt 0:00:03]} Ne5 {[%emt 0:00:03]} 23. Rab1 {[%emt 0:00:05]} Bc8 {[%emt 0:00:01]} 24. Nf3 {[%emt 0:00:10]} Bf5 {[%emt 0:00:09]} 25. Qc1 {[%emt 0:00:08]} Bxb1 {[%emt 0:00:06]} 26. Qxb1 {[%emt 0:00:02]} Nxf3+ {[%emt 0:00:10]} 27. Bxf3 {[%emt 0:00:02]} Nd7 {[%emt 0:00:06]} 28. Rb3 {[%emt 0:00:16]} Ne5 {[%emt 0:00:09]} 29. Be2 {[%emt 0:00:04]} Qf6 {[%emt 0:00:06]} 30. Bxc5 {[%emt 0:00:09]} Nd7 {[%emt 0:00:10]} 31. Be3 {[%emt 0:00:02]} Rec8 {[%emt 0:00:19]} 32. Rb5 {[%emt 0:00:08]} Qd6 {[%emt 0:00:24]} 33. Qe4 {[%emt 0:00:10]} Re8 {[%emt 0:00:21]} 34. Qc2 {[%emt 0:00:14]} Nf6 {[%emt 0:00:09]} 35. Qb2 {[%emt 0:00:09]} Qe5 {[%emt 0:00:25]} 36. Qb1 {[%emt 0:00:15]} Nd7 {[%emt 0:00:06]} 37. Bf1 {[%emt 0:00:19]} Qd6 {[%emt 0:00:21]} 38. Qc1 {[%emt 0:00:11]} Ne5 {[%emt 0:00:09]} 39. Qb2 {[%emt 0:00:13]} Rec8 {[%emt 0:00:18]} 40. c5 {[%emt 0:00:28]} bxc5 {[%emt 0:00:08]} 41. Rxb8 {[%emt 0:00:51]} Rxb8 {[%emt 0:00:03]} 42. Qd2 {[%emt 0:00:05]} Rb4 {[%emt 0:00:06]} 43. Bb5 {[%emt 0:00:08]} Rb1+ {[%emt 0:00:14]} 44. Bf1 {[%emt 0:00:07]} Qa6 {[%emt 0:00:07]} 0-1

[Event "Deutscher Jugend Online Cup 2020"]
[Site "Tornelo"]
[Date "2020.11.14"]
[Round "6.7"]
[White "Nitsche, Nikolai"]
[Black "von Mettenheim, Johannes"]
[Result "0-1"]
[WhiteElo "1758"]
[BlackElo "1995"]
[Annotator "TA"]
[PlyCount "134"]
[EventDate "2020.11.13"]
[EventType "k.o."]
[SourceTitle "playchess.com"]
[Source "ChessBase"]
[SourceQuality "1"]

{[%evp 9,134,0,0,0,0,0,0,0,43,25,46,11,14,15,16,4,16,8,20,19,7,0,0,-41,-43,-42,-36,-31,-30,-44,-44,-42,-27,-29,-28,-28,-45,-38,-53,-58,-28,-95,-88,-81,-106,-91,-80,-55,-22,-22,-34,-41,-33,-45,-39,-46,-50,-50,-56,-52,-61,-154,-149,-248,-70,-88,-88,-98,-88,-89,-81,-88,-88,-88,-88,-87,-18,-18,-9,-9,-14,-18,-18,-18,-18,-19,0,-19,-19,-19,-21,-44,-40,-38,-60,-60,0,0,0,0,0,-29974,-29974,-29970,-29971,-29968,-29970,-29970,-29971,-29978,-29973,-29974,-29975,-29975,-29976,-29986,-29970,-29983,-29984,-29984,-29985,-29985,-29986,-29991,-29992,-29993,-29994]} 1. d4 Nf6 2. Bf4 e6 3. Nf3 c5 4. c3 b6 5. h3 Bb7 6. e3 {A46: 1 d4 Nf6 2 Nf3 e6: Torre, London and Colle Systems.} Be7 7. Bd3 O-O 8. O-O {The position is equal.} cxd4 9. cxd4 Nc6 10. Nc3 Nb4 11. Be2 {[#]} Nbd5 $146 ({Predecessor:} 11... a6 12. Bh2 d5 13. a3 Nc6 14. Bd3 b5 15. b4 Qb6 16. Qb3 Rfc8 17. Rfc1 Ne8 {½-½ (40) Hobber,A (2315)-Ostenstad,B (2482) Trondheim 2014}) 12. Nxd5 Nxd5 13. Bh2 f5 14. a3 d6 15. Rc1 Qd7 16. b4 Rac8 17. Qb3 b5 18. Nd2 Nb6 19. Bd3 Bd5 20. Qb1 Nc4 21. Nxc4 Bxc4 22. Bxc4 Rxc4 23. Rxc4 bxc4 24. e4 f4 25. d5 (25. Qc1 $11) 25... e5 $17 26. Qc2 Rc8 27. f3 Bd8 28. Kh1 Bb6 29. Bg1 Bxg1 30. Kxg1 $11 {[%mdl 4096] Endgame KQR-KQR} Qb5 31. Qc3 Qb6+ 32. Kh1 Qd4 33. Rc1 Kf7 34. Kh2 g5 35. Rc2 ({Better is} 35. Qe1 $15) 35... h5 $1 $17 36. Rc1 {[#]} (36. Qe1 $17) 36... Qf2 $2 ({Black should try} 36... g4 $1 $19 {[%mdl 512] White must now prevent ...Qf2.} 37. Kh1 (37. fxg4 hxg4) 37... gxh3 38. gxh3 Qf2) 37. Qe1 Qxe1 38. Rxe1 {KR-KR} c3 {[%cal Bc4c3,Bc3c2][%mdl 32]} 39. Rc1 c2 40. b5 Ke7 41. Kg1 Kd7 42. Kf1 Rc3 (42... Rc5 $1 $17 {Strongly threatening ...Kc7.} 43. Ke2 Rxb5) 43. Ke2 $11 Rxa3 {White should prevent ...Re3+.} (43... Re3+ {with more complications.} 44. Kf2 Rxa3 45. Rxc2 Ra5 46. Rc6 Rxb5 47. Ra6 Rb7) 44. Rxc2 Ra5 45. Rc6 Rxb5 {aiming for ...Rb2+.} 46. Ra6 $1 Rb7 47. Kf2 Rb2+ 48. Kg1 Rb1+ 49. Kh2 Rb7 {[#]} 50. h4 $1 {[%mdl 512]} g4 (50... gxh4 51. Kh3) 51. fxg4 hxg4 52. h5 Ke7 (52... Kc8 $1 $15) 53. h6 Kf6 54. Rxd6+ Kg5 {( -> ...g3+)} 55. Re6 $2 {[%mdl 8192] [#]} (55. g3 $11) 55... Kh4 $1 {Black mates.} 56. Kg1 {[#]} Kg3 $1 {[%cal Rb7b1]} 57. Kf1 Rb1+ 58. Ke2 Kxg2 59. h7 Rh1 60. d6 f3+ 61. Ke3 {Cut Off at move 61} Rxh7 62. Re7 Rh8 63. Rxe5 f2 64. Rf5 f1=Q 65. Rxf1 Kxf1 66. e5 g3 67. e6 g2 {Weighted Error Value: White=0.26/Black=0.10} 0-1

[Event "Deutscher Jugend Online Cup 2020"]
[Site "Tornelo"]
[Date "2020.11.14"]
[Round "7.1"]
[White "Bui, Bao Anh Le"]
[Black "Bakiev, Diyor"]
[Result "0-1"]
[WhiteElo "2179"]
[BlackElo "2119"]
[Annotator "TA"]
[PlyCount "66"]
[EventDate "2020.11.13"]
[EventType "k.o."]
[SourceTitle "playchess.com"]
[Source "ChessBase"]
[SourceQuality "1"]

{[%evp 12,66,0,0,2,-14,-15,-18,-20,-19,-20,-14,-6,-19,-21,-35,13,8,29,-17,0,-16,8,-47,0,0,0,0,0,0,0,-2,0,0,0,0,16,-32,0,0,0,0,0,0,0,-37,-31,-45,-60,-83,-58,-52,-49,-77,-74,-29992,-29993]} 1. e4 c6 2. d4 d5 3. Nc3 dxe4 4. Nxe4 Bf5 5. Ng3 Bg6 6. f4 e6 7. Nf3 Bd6 {B18: Classical Caro-Kann: 4...Bf5 sidelines.} 8. Bc4 Ne7 9. O-O Nd7 {[%cal Bb8d7,Bd7f6,Bf6d5][%mdl 32] The position is equal.} 10. c3 Qc7 11. Ne5 Nf6 {[#]} 12. Kh1 $146 ({Predecessor:} 12. Bb3 Rd8 13. Nc4 O-O 14. Nxd6 Qxd6 15. Qf3 b6 16. Be3 Nfd5 17. Rad1 Nxe3 18. Qxe3 {½-½ (25) Bui,B (1775)-Heuser,P (2041) Berlin 2017}) 12... O-O 13. Qe2 Nf5 14. Nxf5 Bxf5 15. Be3 (15. g4 $5 {[%cal Rg4f5]} Be4+ 16. Kg1 $11) 15... Nd5 16. Bg1 {Threatens to win with g4.} f6 17. Nd3 ({White should play} 17. g4 $11 fxe5 18. fxe5) 17... Bxd3 18. Qxe6+ Kh8 19. Bxd3 {g3 is the strong threat.} Nxf4 {[%mdl 64] Double Attack} 20. Qe4 {[%csl Gd3][%cal Re4h7]} Nxd3 21. Qxd3 Rae8 22. Rae1 Qf7 23. b3 Re6 24. a4 Rfe8 25. Rxe6 Qxe6 26. c4 Kg8 27. d5 cxd5 28. cxd5 Qe5 29. Rd1 a6 30. b4 Rc8 31. b5 Rc3 32. Qf1 axb5 33. Qxb5 $2 {[%mdl 8192] [#]} (33. Re1 $17 Qxd5 34. Rd1) 33... Rh3 $1 {[%mdl 512] Weighted Error Value: White=0.43/Black=0.10} 0-1

[Event "Deutscher Jugend Online Cup 2020"]
[Site "Tornelo"]
[Date "2020.11.14"]
[Round "7.2"]
[White "Zhou, Lepu Coco"]
[Black "Bildat, Emilia"]
[Result "1-0"]
[WhiteElo "1882"]
[BlackElo "1852"]
[Annotator "NA RC"]
[PlyCount "135"]
[EventDate "2020.11.13"]
[EventType "k.o."]
[SourceTitle "playchess.com"]
[Source "ChessBase"]
[SourceQuality "1"]
[TimeControl "600+3"]

1. e4 {[%emt 0:00:00]} c5 {[%emt 0:00:05]} 2. Nf3 {[%emt 0:00:04]} g6 {[%emt 0:00:02]} 3. c4 {[%emt 0:00:02]} Bg7 {[%emt 0:00:02]} 4. d4 {[%emt 0:00:01]} cxd4 {[%emt 0:00:01]} 5. Nxd4 {[%emt 0:00:02]} Nc6 {[%emt 0:00:02]} 6. Be3 {[%emt 0:00:02]} Nf6 {[%emt 0:00:02]} 7. Nc3 {[%emt 0:00:02]} O-O {[%emt 0:00:02]} 8. Be2 {[%emt 0:00:03]} d6 {[%emt 0:00:02]} 9. O-O {[%emt 0:00:02]} Bd7 {[%emt 0:00:03]} 10. Rc1 {[%emt 0:00:03]} Nxd4 {[%emt 0:00:01]} 11. Bxd4 {[%emt 0:00:02]} Bc6 {[%emt 0:00:02]} 12. f3 {[%emt 0:00:03]} a5 {[%emt 0:00:03]} 13. b3 {[%emt 0:00:19]} Nd7 {[%emt 0:00:03]} 14. Be3 {[%emt 0:00:04]} Nc5 {[%emt 0:00:08]} 15. a3 {[%emt 0:00:20]} a4 {[%emt 0:00:10]} 16. b4 {[%emt 0:01:18]} Nb3 {[%emt 0:00:32]} 17. Rc2 {[%emt 0:00:07]} Rc8 {[%emt 0:00:53]} 18. b5 {[%emt 0:00:07]} Bd7 {[%emt 0:00:11]} 19. Nxa4 {[%emt 0:00:06]} Ra8 {[%emt 0:00:45]} 20. Ra2 {[%emt 0:00:55]} Nd4 {[%emt 0:01:23]} 21. Bxd4 {[%emt 0:00:16]} Bxd4+ {[%emt 0:00:03]} 22. Qxd4 {[%emt 0:00:03]} Rxa4 {[%emt 0:00:03]} 23. Bd1 {[%emt 0:00:03]} Ra8 {[%emt 0:00:11]} 24. a4 {[%emt 0:00:03]} Qc7 {[%emt 0:00:14]} 25. Bb3 {[%emt 0:00:21]} Rfc8 {[%emt 0:00:12]} 26. Rc2 {[%emt 0:00:09]} Qc5 {[%emt 0:00:02]} 27. Rd1 {[%emt 0:00:06]} Qxd4+ {[%emt 0:00:11]} 28. Rxd4 {[%emt 0:00:02]} Rc5 {[%emt 0:00:08]} 29. Rd5 {[%emt 0:00:10]} b6 {[%emt 0:00:28]} 30. Rxc5 {[%emt 0:00:03]} dxc5 {[%emt 0:00:06]} 31. Rd2 {[%emt 0:00:04]} Be6 {[%emt 0:00:03]} 32. Kf2 {[%emt 0:00:14]} Kg7 {[%emt 0:00:05]} 33. Ke3 {[%emt 0:00:02]} Ra7 {[%emt 0:00:17]} 34. f4 {[%emt 0:00:10]} Rd7 {[%emt 0:00:09]} 35. Rxd7 {[%emt 0:00:07]} Bxd7 {[%emt 0:00:02]} 36. e5 {[%emt 0:00:10]} Bf5 {[%emt 0:00:05]} 37. Bd1 {[%emt 0:00:12]} h5 {[%emt 0:00:04]} 38. h3 {[%emt 0:00:12]} h4 {[%emt 0:00:08]} 39. a5 {[%emt 0:00:06]} bxa5 {[%emt 0:00:06]} 40. b6 {[%emt 0:00:02]} (40. Bg4 $142 Be6 41. b6) 40... Bc8 {[%emt 0:00:05]} 41. Bf3 {[%emt 0:00:02]} a4 {[%emt 0:00:17]} 42. Kd2 {[%emt 0:00:05]} ({Don't go for} 42. b7 $2 {[#]} Bxb7 $1 {[%mdl 512]} 43. Kd3 Bxf3 $19) 42... a3 {[%emt 0:00:30]} 43. Kc3 {[%emt 0:00:05]} g5 {[%emt 0:01:17]} 44. b7 {[%emt 0:00:15]} Bxb7 {[%emt 0:00:03]} 45. Bxb7 {[%emt 0:00:02]} gxf4 {[%emt 0:00:03]} 46. Kb3 {[%emt 0:00:06]} a2 {[%emt 0:00:01]} 47. Kxa2 {[%emt 0:00:03]} Kg6 {[%emt 0:00:03]} 48. Be4+ {[%emt 0:00:02]} Kg5 {[%emt 0:00:07]} 49. Kb3 {[%emt 0:00:07]} f3 {[%emt 0:00:05]} 50. Bxf3 {[%emt 0:00:06]} Kf4 {[%emt 0:00:02]} 51. Ka4 {[%emt 0:00:10]} Kxe5 {[%emt 0:00:03]} 52. Kb5 {[%emt 0:00:02]} Kd4 {[%emt 0:00:03]} 53. Bh5 {[%emt 0:00:07]} f5 {[%emt 0:00:04]} 54. Bg6 {[%emt 0:00:05]} f4 {[%emt 0:00:04]} 55. Bh5 {[%emt 0:00:13]} e5 {[%emt 0:00:02]} 56. Bg4 {[%emt 0:01:15]} e4 {[%emt 0:00:06]} 57. Bd1 {[%emt 0:00:11]} e3 {[%emt 0:00:08]} 58. Be2 {[%emt 0:00:02]} Kc3 {[%emt 0:00:08]} 59. Kxc5 {[%emt 0:00:03]} Kd2 {[%emt 0:00:03]} 60. Bf3 {[%emt 0:00:28]} e2 {[%emt 0:00:09] [#]} 61. Bxe2 {[%emt 0:00:02]} Kxe2 {[%emt 0:00:02]} 62. Kd4 {[%emt 0:02:06]} f3 {[%emt 0:00:11]} 63. gxf3 {[%emt 0:00:05]} Kxf3 {[%emt 0:00:02]} 64. c5 {[%emt 0:00:03]} Kg3 {[%emt 0:00:02]} 65. c6 {[%emt 0:00:01]} Kxh3 {[%emt 0:00:01]} 66. c7 {[%emt 0:00:02]} Kh2 {[%emt 0:00:02]} 67. c8=Q {[%emt 0:00:05]} h3 {[%emt 0:00:02]} 68. Qg4 {[%emt 0:00:12]} 1-0